Proces získavania investície rizikového kapitálu - pohľad podniku
Investičné kritériá a predpoklady pre získanie investície rizikového kapitálu. Realizácia investičného procesu. Monitoring a ukončenie investície rizikového kapitálu.
Salvato in:
| Autore principale: | |
|---|---|
| Natura: | Capitolo di libro |
| Lingua: | slovacco |
| Soggetti: | |
| Tags: |
Nessun Tag, puoi essere il primo ad aggiungerne!!
|
MARC
| LEADER | 00000naa$a2200000$$$4500 | ||
|---|---|---|---|
| 001 | 0086027 | ||
| 005 | 20240502071957.6 | ||
| 041 | 0 | |a slo | |
| 044 | |a SK | ||
| 245 | 1 | 0 | |a Proces získavania investície rizikového kapitálu - pohľad podniku |c Magdaléna Freňáková - Karchová |
| 520 | |a Investičné kritériá a predpoklady pre získanie investície rizikového kapitálu. Realizácia investičného procesu. Monitoring a ukončenie investície rizikového kapitálu. | ||
| 610 | 2 | 0 | |a kapitál rizikový |
| 610 | 2 | 0 | |a investície |
| 610 | 2 | 0 | |a plán podnikateľský |
| 610 | 2 | 0 | |a stratégia investičná |
| 610 | 2 | 0 | |a rozhodovanie investičné |
| 100 | 1 | |a Freňáková - Karchová, Magdaléna, 1981- | |